000 00893nam a22002057a 4500
003 0
005 20250213143418.0
008 250213b xxu||||| |||| 00| 0 eng d
050 _aTK 7882.S65
_b.F47 2023
100 _aFerrer, Miguel L.
245 _a A web-based voice interactive prompting system for aiding reliability in task performance.
_cMiguel L. Ferrer
260 _aLas Pinas City
_bSouthville International School and Colleges
_c2023
300 _aii, 549 pages:
_bcolored pictures and illustration.
_c28cm.
500 _aBachelor of Science in Information Technology.
504 _aIncludes bibliographical references and appendices.
650 _aHuman-Computer Interaction—Voice-Activated Systems.
650 _aArtificial Intelligence—Speech Recognition -- Prompting Systems.
650 _aSpeech Processing—Voice-Activated Digital Assistants.
942 _2lcc
_cTH
999 _c367209
_d367209